00859nam a2200253Ia 4500003001000000005001700010007000300027008004100030020001800071040003500089041000800124084001100132100002800143245008300171250002200254264005400276300006400330336002700394337003300421338002800454490004500482650003600527700004200563CO-BoRNBP20230510192114.0ta180118s9999 xx 000 0 und d a9786071635426 aCO-BoRNBPbspaerdacCO-BoRNBP aspa aN MCC11 aMcCaughrean, Geraldine, 0aEl hijo del pirata /c Geraldine McCaughrean ; ilustrado por Ricardo Peláez. aSegunda edición aMéxico :b Fondo de Cultura Económica,c2016 a343 páginas :b ilustraciones en blanco y negro ;c 19 cm atextobtxt2rdacontent asin mediaciónbn2rdamedia avolumenbnc2rdacarrier aColección A la orilla del viento ; 12914aNovela Juvenil Inglesa 2ARMARC1 aPeláez, Ricardo, 1968- , ilustrador